[Event "FICGS class F 000055 email"]
[Site "FICGS email"]
[Date "2008.02.29"]
[Round "1"]
[White "Barradas, Anderson"]
[Black "Gheorghe, Ionut Costin"]
[Result "1-0"]
[WhiteElo "1251"]
[BlackElo "1200"]
[PlyCount "57"]
[EventDate "2008.??.??"]
[EventType "tourn (corr)"]
[EventRounds "5"]
[SourceTitle "Corr 2022"]
[Source "ChessBase"]
[SourceDate "2021.10.24"]
[SourceVersion "1"]
[SourceVersionDate "2021.10.24"]
[SourceQuality "1"]

1. e4 c5 2. Nf3 d6 3. d4 cxd4 4. Nxd4 Nf6 5. Nc3 e5 6. Bb5+ Nbd7 7. Nf5 a6 8. Bc4 Nc5 9. Qe2 Bxf5 10. exf5 d5 11. Bb3 e4 12. 0-0 Nxb3 13. axb3 Be7 14. Bg5 0-0 15. Rfd1 d4 16. Bxf6 Bxf6 17. Qxe4 Re8 18. Qg4 Qe7 19. Nd5 Rad8 20. Nxe7+ Rxe7 21. c4 d3 22. Ra5 d2 23. Rd5 Rde8 24. h3 Re4 25. Qf3 Bg5 26. g3 R4e7 27. Rf1 g6 28. fxg6 fxg6 29. Rxg5 1-0

[Event "FICGS rapid C 000046 email"]
[Site "FICGS email"]
[Date "2008.02.29"]
[Round "1"]
[White "Gheorghe, Ionut Costin"]
[Black "Barradas, Anderson"]
[Result "1-0"]
[WhiteElo "1200"]
[BlackElo "1251"]
[PlyCount "51"]
[EventDate "2008.??.??"]
[EventType "tourn (rapid)"]
[EventRounds "4"]
[SourceTitle "Corr 2022"]
[Source "ChessBase"]
[SourceDate "2021.10.24"]
[SourceVersion "1"]
[SourceVersionDate "2021.10.24"]
[SourceQuality "1"]

1. e4 e5 2. Nf3 Nc6 3. Bb5 a6 4. Ba4 b5 5. Bb3 Nf6 6. 0-0 Bc5 7. c3 0-0 8. d4 exd4 9. cxd4 Bb6 10. Nc3 d6 11. h3 Re8 12. Re1 a5 13. Bg5 h6 14. Bh4 Qd7 15. Bxf6 gxf6 16. Nh4 Nxd4 17. Nd5 Qe6 18. Nxb6 Nxb3 19. Nxa8 Nxa1 20. Nxc7 Qe5 21. Nxe8 Qxe8 22. Qxa1 Bb7 23. Nf5 Qf8 24. b3 Kh7 25. Qxf6 d5 26. e5 1-0

[Event "FICGS rapid C 000046 email"]
[Site "FICGS email"]
[Date "2008.02.29"]
[Round "1"]
[White "Gheorghe, Ionut Costin"]
[Black "Brieler, Jay"]
[Result "0-1"]
[WhiteElo "1200"]
[BlackElo "1281"]
[PlyCount "70"]
[EventDate "2008.??.??"]
[EventType "tourn (rapid)"]
[EventRounds "4"]
[SourceTitle "Corr 2022"]
[Source "ChessBase"]
[SourceDate "2021.10.24"]
[SourceVersion "1"]
[SourceVersionDate "2021.10.24"]
[SourceQuality "1"]

1. e4 e5 2. Nf3 Nc6 3. Bb5 a6 4. Ba4 Nf6 5. 0-0 Nxe4 6. Re1 Nc5 7. Bxc6 dxc6 8. Nxe5 Be6 9. Qh5 g6 10. Qf3 Qe7 11. Nc3 Bg7 12. d4 Nd7 13. Nxd7 Qxd7 14. Bg5 0-0 15. Rad1 Bg4 16. Qd3 Bxd1 17. Qxd1 Bxd4 18. Ne2 Rfe8 19. Be3 Rxe3 20. fxe3 Bxe3+ 21. Kf1 Qf5+ 22. Nf4 Qxf4+ 23. Qf3 Qxf3+ 24. gxf3 Bf4 25. Kg2 Rd8 26. Re2 Rd2 27. Rxd2 Bxd2 28. b3 b5 29. h3 Bf4 30. Kf2 f5 31. Ke2 Kf7 32. Kd3 Ke6 33. Ke2 h5 34. Kf2 Kd5 35. Ke2 Kd4 0-1

[Event "FICGS rapid C 000046 email"]
[Site "FICGS email"]
[Date "2008.02.29"]
[Round "1"]
[White "Orden, Jorge"]
[Black "Gheorghe, Ionut Costin"]
[Result "0-1"]
[WhiteElo "1258"]
[BlackElo "1200"]
[PlyCount "32"]
[EventDate "2008.??.??"]
[EventType "tourn (rapid)"]
[EventRounds "4"]
[SourceTitle "Corr 2022"]
[Source "ChessBase"]
[SourceDate "2021.10.24"]
[SourceVersion "1"]
[SourceVersionDate "2021.10.24"]
[SourceQuality "1"]

1. e4 c5 2. Nf3 d6 3. d4 cxd4 4. Nxd4 Nf6 5. Nc3 e5 6. Bb5+ Nbd7 7. Nf5 a6 8. Ba4 Be7 9. Nxe7 Qxe7 10. 0-0 0-0 11. Bg5 b5 12. Bb3 Bb7 13. Nd5 Bxd5 14. Bxd5 Rac8 15. c3 Qe8 16. f4 Nxd5 0-1

[Event "FICGS rapid C 000046 email"]
[Site "FICGS email"]
[Date "2008.02.29"]
[Round "1"]
[White "Smith, Harry"]
[Black "Gheorghe, Ionut Costin"]
[Result "0-1"]
[WhiteElo "1388"]
[BlackElo "1200"]
[PlyCount "40"]
[EventDate "2008.??.??"]
[EventType "tourn (rapid)"]
[EventRounds "4"]
[SourceTitle "Corr 2022"]
[Source "ChessBase"]
[SourceDate "2021.10.24"]
[SourceVersion "1"]
[SourceVersionDate "2021.10.24"]
[SourceQuality "1"]

1. e4 c5 2. Nf3 d6 3. g3 Bg4 4. Bg2 Nf6 5. d3 Nc6 6. 0-0 Qc8 7. Nc3 e6 8. h3 Bh5 9. Bg5 h6 10. Bxf6 gxf6 11. Qd2 Bg7 12. Ne2 Qd7 13. Nf4 Bg6 14. d4 cxd4 15. Nxd4 e5 16. Nxg6 Nxd4 17. Nxh8 Bxh8 18. c3 Nc6 19. b4 Rc8 20. b5 Ne7 0-1

[Event "FICGS class F 000055 email"]
[Site "FICGS email"]
[Date "2008.02.29"]
[Round "1"]
[White "Stoyanov, Zdravko"]
[Black "Gheorghe, Ionut Costin"]
[Result "0-1"]
[WhiteElo "1289"]
[BlackElo "1200"]
[PlyCount "42"]
[EventDate "2008.??.??"]
[EventType "tourn (corr)"]
[EventRounds "5"]
[SourceTitle "Corr 2022"]
[Source "ChessBase"]
[SourceDate "2021.10.24"]
[SourceVersion "1"]
[SourceVersionDate "2021.10.24"]
[SourceQuality "1"]

1. e4 e5 2. Nf3 Nc6 3. Bb5 a6 4. Bxc6 dxc6 5. h3 Bd6 6. d3 Nf6 7. Bg5 0-0 8. 0-0 Be6 9. c4 Bc5 10. Nxe5 Bd4 11. Bxf6 gxf6 12. Nxc6 bxc6 13. Qb3 Rb8 14. Qa3 Bxb2 15. Qxa6 Bxa1 16. Rd1 Ra8 17. Qxc6 Rxa2 18. Qb5 Qd4 19. Rf1 Qxd3 20. Qc6 Bxc4 21. Qxc7 Qxf1+ 0-1

[Event "FICGS class G 000020 email"]
[Site "FICGS email"]
[Date "2008.02.27"]
[Round "1"]
[White "Inving, Yugi"]
[Black "Gheorghe, Ionut Costin"]
[Result "1-0"]
[WhiteElo "914"]
[BlackElo "1200"]
[PlyCount "39"]
[EventDate "2008.??.??"]
[EventType "tourn (corr)"]
[EventRounds "4"]
[SourceTitle "Corr 2022"]
[Source "ChessBase"]
[SourceDate "2021.10.24"]
[SourceVersion "1"]
[SourceVersionDate "2021.10.24"]
[SourceQuality "1"]

1. f4 d5 2. e3 Nc6 3. Nf3 Bg4 4. h3 Bh5 5. g4 Nf6 6. gxh5 Nxh5 7. Ne5 e6 8. Qxh5 g6 9. Qg4 Ne7 10. Kd1 Bg7 11. Nf3 Qd7 12. Na3 0-0-0 13. Ng5 Rdf8 14. d4 h5 15. Qg3 Nf5 16. Qf2 f6 17. Nf3 a6 18. Bd3 Nd6 19. Nh4 g5 20. Ng6 1-0